书目信息 |
| 题名: |
公安基础知识
|
|
| 作者: | ;省公务员录用考试教材编写 组编 | |
| 分册: | ||
| 出版信息: | 北京 人民出版社 2007.01 |
|
| 页数: | 280页 | |
| 开本: | 26cm | |
| 丛书名: | ||
| 单 册: | ||
| 中图分类: | D631.13 | |
| 科图分类: | ||
| 主题词: | 警察--jing cha--招聘--考试--中国--教材 | |
| 电子资源: | ||
| ISBN: | 7-01-005986-1 | |
| 000 | 01007nam0 2200229 450 | |
| 001 | 012007657375 | |
| 005 | 20071008155508.53 | |
| 010 | @a7-01-005986-1@dCNY32.00 | |
| 100 | @a20070726d2007 km y0chiy0120 ea | |
| 101 | 0 | @achi |
| 102 | @aCN@b110000 | |
| 105 | @ay z 000yy | |
| 200 | 1 | @a公安基础知识@Agong an ji chu zhi shi@f省公务员录用考试教材编写组编@Fsheng gong wu yuan lu yong kao shi jiao cai bian xie zu bian |
| 210 | @a北京@c人民出版社@d2007.01 | |
| 215 | @a280页@d26cm | |
| 300 | @a2007省公安机关录用人民警察考试统一规划教材 省人事考试推荐用书 | |
| 330 | @a本丛书从中央和各地方公务员录用考试命题特点出发,给考生提供一套全新的综合性的辅导教材。作者结合中央和地方公务员考试的试卷结构全面系统地对典型试题、历年真题进行深入剖析,重点是帮助考生总结归纳科学的解题等。 | |
| 606 | 0 | @a警察@Ajing cha@x招聘@x考试@y中国@j教材 |
| 690 | @aD631.13@v4 | |
| 711 | 02 | @a省公务员录用考试教材编写@Asheng gong wu yuan lu yong kao shi jiao cai bian xie@4组编 |
| 801 | 0 | @aCN@c20071008 |
| 905 | @dD631.13@eS470 | |
| 公安基础知识/省公务员录用考试教材编写组编.-北京:人民出版社,2007.01 |
| 280页;26cm |
| 2007省公安机关录用人民警察考试统一规划教材 省人事考试推荐用书 |
| ISBN 7-01-005986-1:CNY32.00 |
| 本丛书从中央和各地方公务员录用考试命题特点出发,给考生提供一套全新的综合性的辅导教材。作者结合中央和地方公务员考试的试卷结构全面系统地对典型试题、历年真题进行深入剖析,重点是帮助考生总结归纳科学的解题等。 |
| ● |
| 相关链接 |
|
|
|
正题名:公安基础知识
索取号:D631.13/S470
 
预约/预借
| 序号 | 登录号 | 条形码 | 馆藏地/架位号 | 状态 | 备注 |
| 1 | 250184 | 202501845 | 社科库509/509社科库 74排6列3层/ [索取号:D631.13/S470] | 在馆 | |
| 2 | 250185 | 202501854 | 社科库509/509社科库 74排6列3层/ [索取号:D631.13/S470] | 在馆 |